The Name Game - John - Statistics

General Stats
  • This quiz has been taken 26 times
    16 since last reset
  • The average score is 24 of 51
Answer Stats
Hint Answer % Correct
The second US president John Adams
100%
Assassinated president John F. Kennedy
93%
Member of The Beatles, imagined a world of peace John Lennon
93%
Jack Sparrow and Willy Wonka Johnny Depp
93%
Country singer who performed at Folsom Prison Johnny Cash
79%
Crunk-era rapper known for his energy and ad-libs Lil Jon
79%
Wrote "Of Mice and Men" and "The Grapes of Wrath" John Steinbeck
71%
Star of "Grease" and "Saturday Night Fever" John Travolta
71%
American movie legend of the Old West John Wayne
71%
Actor who played himself in "Being ____ _________" John Malkovich
64%
Former host of "The Tonight Show" for 30 years Johnny Carson
64%
16x WWE champion who cannot be seen John Cena
57%
West Virginia was his home, country roads John Denver
57%
Played the wife of Roseanne & Sully on "Monsters, Inc" John Goodman
57%
2008 Republican US presidential candidate, former senator of Arizona John McCain
57%
2004 Democratic US presidential candidate, Obama's Secretary of State John Kerry
50%
"All of Me" soul singer John Legend
50%
Singer-songwriter & guitarist who is also known for his high-profile girlfriends John Mayer
50%
Stunt performer and leading man of "Jackass" Johnny Knoxville
50%
A lone wolf, aggressive, former soldier played by Sylvester Stallone John Rambo
50%
Uncle Jesse in "Full House" John Stamos
50%
Played creative director Don Draper in "Mad Men" Jon Hamm
50%
Canadian comedy actor in Hollywood films of the 80s and 90s John Candy
43%
Regarded as one of the most influential jazz artists ever, along with 20th century music John Coltrane
43%
African-American steel worker in folklore John Henry
43%
Played Jim in "The Office' John Krasinski
43%
Action hero of the "Die Hard" franchise John McClane
43%
Schizophrenic mathematician, biographically portrayed in "A Beautiful Mind" John Nash
43%
2010s NBA All-Star for the Washington Wizards John Wall
43%
Serial killer who dressed up as a clown John Wayne Gacy
43%
Works as a hitman against Russian mobsters who killed his dog John Wick
43%
Irish writer who published many satires, including "Gulliver's Travels" Jonathan Swift
43%
Long-running host of the political satire Daily Show Jon Stewart
43%
Current Chief Justice of the US Supreme Court John Roberts
36%
Author of a gospel John the Apostle
36%
Ate locusts and honey John the Baptist
36%
MMA fighter for the heavyweight UFC division Jon Jones
36%
English philosopher at the forefront of the Enlightenment John Locke
29%
Native American character in "King of the Hill" John Redcorn
29%
Diverse actor, stars in comedies with Will Ferrell John C. Reilly
21%
"Family Guy" old man who is known around Quahog for preying on young boys John Herbert
21%
American comedian of Spanish descent, who has played Luigi and Sid the Sloth John Leguizamo
21%
Married Mavis, the daughter of Dracula(TIP: Name of the movie franchise can be typed in) Johnny Loughran
21%
British comedian who hosts "Last Week Tonight John Oliver
21%
Garfield's owner Jon Arbuckle
21%
Frontman of a glam metal band Jon Bon Jovi
21%
Virginia veteran of the American Civil War who is transported to Mars John Carter
14%
American actor who has played dramatic roles in film and theatre John Lithgow
14%
11-year old supergenius who is best friends with his talking dog Johnny Test
14%
Director whose filmography includes "Pink Flamingoes" and "Hairspray" John Waters
14%
"Simpsons" nerdy scientist character Professor Frink
14%
No matching quizzes found
Score Distribution
Percent of People with Each Score
Percentile by Number Answered
Your Score History
You have not taken this quiz since the last reset